Canada Quiz - Statistics

General Stats
  • This quiz has been taken 23 times
  • The average score is 10 of 15
Answer Stats
Question Answer % Correct
National winter sport? Ice Hockey
100%
What is the capitol? Ottawa
100%
Most populated city? Toronto
100%
One of the countries that shares a border with Canada? United States / Denmark
100%
National animal? Beaver / Horse
92%
3rd most populated city? Vancouver
92%
Tallest building? {CN} Tower
85%
2nd most populated city? Montreal
77%
Long river that goes from lake Ontario to the Atlantic? Saint {Lawrence}
77%
National summer sport? Lacrosse
46%
What is the tallest mountain in Canada? Mount {Logan}
46%
Most northern human settlement in the world? Alert
23%
Big area of rock where it is hard to have crops? Canadian shield
23%
Name of tiny island where Canada and Denmark share a border? {Hans} Island
15%
What is considered the best movie from Canada? Atanarjuat: {The Fast Runner}
8%
No matching quizzes found
Score Distribution
Percent of People with Each Score
Percentile by Number Answered
Your Score History
You have not taken this quiz